| 000 | 00519nam a2200193Ia 4500 | ||
|---|---|---|---|
| 003 | OSt | ||
| 005 | 20250213160520.0 | ||
| 008 | 210210b1974 xxu||||| |||| 00| 0 eng d | ||
| 040 | _cAL | ||
| 041 | _aKannada | ||
| 082 | _aK894.3 RAMS | ||
| 100 |
_aRAMARAV (T K). _d ರಾಮರಾವ್ (ಟಿ ಕೆ) _9199513 |
||
| 245 |
_aSima rekhe. _bಸೀಮಾ ರೇಖೆ |
||
| 260 |
_aBengaluru _bDarshana Prakashana _c1974 |
||
| 300 | _a303 | ||
| 690 |
_aKannada Fiction _9199514 |
||
| 906 | _a032537 | ||
| 942 |
_2ddc _cBK |
||
| 999 |
_c83492 _d83492 |
||